<?xml version="1.0" encoding="UTF-8"?>
<record
    xmlns:xsi="http://www.w3.org/2001/XMLSchema-instance"
    xsi:schemaLocation="http://www.loc.gov/MARC21/slim http://www.loc.gov/standards/marcxml/schema/MARC21slim.xsd"
    xmlns="http://www.loc.gov/MARC21/slim">

  <leader>02150    a2200253   4500</leader>
  <controlfield tag="003">NALT</controlfield>
  <controlfield tag="005">20260105152316.0</controlfield>
  <controlfield tag="008">230828b        th ||||| |||| 00| 0 tha d</controlfield>
  <datafield tag="020" ind1=" " ind2=" ">
    <subfield code="a">9789740217411</subfield>
  </datafield>
  <datafield tag="040" ind1=" " ind2=" ">
    <subfield code="a">NALT</subfield>
  </datafield>
  <datafield tag="050" ind1=" " ind2=" ">
    <subfield code="a">BF 481</subfield>
    <subfield code="b">&#xE01;327&#xE01; 2564</subfield>
  </datafield>
  <datafield tag="100" ind1="0" ind2=" ">
    <subfield code="a">&#xE01;&#xE27;&#xE35;&#xE27;&#xE38;&#xE12;&#xE34; &#xE40;&#xE15;&#xE47;&#xE21;&#xE20;&#xE39;&#xE27;&#xE20;&#xE31;&#xE17;&#xE23;</subfield>
    <subfield code="9">12066</subfield>
  </datafield>
  <datafield tag="245" ind1="1" ind2="0">
    <subfield code="a">&#xE01;&#xE49;&#xE32;&#xE27;&#xE43;&#xE2B;&#xE0D;&#xE48;&#xE46; &#xE43;&#xE0A;&#xE49;&#xE43;&#xE08;&#xE40;&#xE23;&#xE34;&#xE48;&#xE21; /</subfield>
    <subfield code="c">&#xE01;&#xE27;&#xE35;&#xE27;&#xE38;&#xE12;&#xE34; &#xE40;&#xE15;&#xE47;&#xE21;&#xE20;&#xE39;&#xE27;&#xE20;&#xE31;&#xE17;&#xE23;.</subfield>
  </datafield>
  <datafield tag="250" ind1=" " ind2=" ">
    <subfield code="a">&#xE1E;&#xE34;&#xE21;&#xE1E;&#xE4C;&#xE04;&#xE23;&#xE31;&#xE49;&#xE07;&#xE17;&#xE35;&#xE48; 1.</subfield>
  </datafield>
  <datafield tag="260" ind1=" " ind2=" ">
    <subfield code="a">&#xE01;&#xE23;&#xE38;&#xE07;&#xE40;&#xE17;&#xE1E;&#xE2F; : </subfield>
    <subfield code="b">&#xE21;&#xE15;&#xE34;&#xE0A;&#xE19;, </subfield>
    <subfield code="c">2564.</subfield>
  </datafield>
  <datafield tag="300" ind1=" " ind2=" ">
    <subfield code="a">166 &#xE2B;&#xE19;&#xE49;&#xE32; : </subfield>
    <subfield code="b">&#xE20;&#xE32;&#xE1E;&#xE1B;&#xE23;&#xE30;&#xE01;&#xE2D;&#xE1A; ; </subfield>
    <subfield code="c">19 &#xE0B;&#xE21;.</subfield>
  </datafield>
  <datafield tag="505" ind1="0" ind2=" ">
    <subfield code="a">"&#xE44;&#xE1B;&#xE44;&#xE21;&#xE48;&#xE16;&#xE36;&#xE07;&#xE44;&#xE21;&#xE48;&#xE40;&#xE1B;&#xE47;&#xE19;&#xE44;&#xE23;" -- "&#xE0B;&#xE48;&#xE2D;&#xE21;&#xE2B;&#xE25;&#xE31;&#xE07;&#xE04;&#xE32;&#xE15;&#xE2D;&#xE19;&#xE44;&#xE2B;&#xE19;&#xE14;&#xE35;" -- "&#xE22;&#xE37;&#xE19;&#xE1A;&#xE19;&#xE44;&#xE2B;&#xE25;&#xE48;&#xE22;&#xE31;&#xE01;&#xE29;&#xE4C;" -- "&#xE14;&#xE35;&#xE40;&#xE2D;&#xE0A;&#xE40;&#xE2D;&#xE25;" -- "&#xE08;&#xE48;&#xE32;&#xE22;&#xE40;&#xE07;&#xE34;&#xE19; &#xE2A;&#xE27;&#xE19;&#xE19;&#xE07;&#xE19;&#xE38;&#xE0A;" -- "&#xE1C;&#xE39;&#xE49;&#xE19;&#xE33;&#xE02;&#xE2D;&#xE07;&#xE14;&#xE34;&#xE2A;&#xE19;&#xE35;&#xE22;&#xE4C;" -- "&#xE14;&#xE34;&#xE2A;&#xE19;&#xE35;&#xE22;&#xE4C;&#xE40;&#xE1B;&#xE25;&#xE35;&#xE48;&#xE22;&#xE19;&#xE44;&#xE1B;" -- "&#xE40;&#xE21;&#xE37;&#xE48;&#xE2D;&#xE2B;&#xE31;&#xE27;&#xE2B;&#xE19;&#xE49;&#xE32;&#xE44;&#xE21;&#xE48;&#xE2D;&#xE22;&#xE39;&#xE48; &#xE04;&#xE38;&#xE13;..." -- "&#xE27;&#xE31;&#xE12;&#xE19;&#xE18;&#xE23;&#xE23;&#xE21;&#xE43;&#xE2B;&#xE21;&#xE48;&#xE17;&#xE35;&#xE48;&#xE44;&#xE21;&#xE48;&#xE40;&#xE04;&#xE22;&#xE40;&#xE01;&#xE34;&#xE14;&#xE02;&#xE36;&#xE49;&#xE19;" -- "&#xE42;&#xE14;&#xE23;&#xE32;&#xE40;&#xE2D;&#xE21;&#xE2D;&#xE19;" -- "&#xE23;&#xE16;&#xE1A;&#xE31;&#xE2A;" -- "&#xE17;&#xE35;&#xE21;&#xE01;&#xE35;&#xE2C;&#xE32;&#xE44;&#xE21;&#xE48;&#xE43;&#xE0A;&#xE48;&#xE04;&#xE23;&#xE2D;&#xE1A;&#xE04;&#xE23;&#xE31;&#xE27;" -- "&#xE44;&#xE14;&#xE42;&#xE19;&#xE40;&#xE2A;&#xE32;&#xE23;&#xE4C;&#xE41;&#xE25;&#xE30;&#xE40;&#xE14;&#xE47;&#xE01;&#xE40;&#xE21;&#xE37;&#xE48;&#xE2D;&#xE27;&#xE32;&#xE19;&#xE0B;&#xE37;&#xE19;" -- "&#xE17;&#xE32;&#xE07;&#xE40;&#xE25;&#xE37;&#xE2D;&#xE01;&#xE40;&#xE1E;&#xE37;&#xE48;&#xE2D;&#xE15;&#xE31;&#xE14;&#xE2A;&#xE34;&#xE19;&#xE43;&#xE08;" -- "&#xE25;&#xE14;&#xE40;&#xE07;&#xE34;&#xE19;&#xE40;&#xE14;&#xE37;&#xE2D;&#xE19;&#xE1C;&#xE39;&#xE49;&#xE1A;&#xE23;&#xE34;&#xE2B;&#xE32;&#xE23;&#xE01;&#xE48;&#xE2D;&#xE19;&#xE1B;&#xE25;&#xE14;&#xE1E;&#xE19;&#xE31;&#xE01;&#xE07;&#xE32;&#xE19;" -- "&#xE04;&#xE38;&#xE13;&#xE25;&#xE33;&#xE40;&#xE2D;&#xE35;&#xE22;&#xE07;&#xE44;&#xE2B;&#xE21;" -- "&#xE1C;&#xE39;&#xE49;&#xE19;&#xE33;&#xE17;&#xE35;&#xE48;&#xE14;&#xE35;" -- "&#xE23;&#xE31;&#xE01;&#xE43;&#xE19;&#xE17;&#xE35;&#xE48;&#xE17;&#xE33;&#xE07;&#xE32;&#xE19;" -- "&#xE2D;&#xE07;&#xE04;&#xE4C;&#xE01;&#xE23;&#xE41;&#xE2B;&#xE48;&#xE07;&#xE04;&#xE27;&#xE32;&#xE21;&#xE40;&#xE0A;&#xE37;&#xE48;&#xE2D;&#xE43;&#xE08;" -- "&#xE02;&#xE35;&#xE48;&#xE08;&#xE31;&#xE01;&#xE23;&#xE22;&#xE32;&#xE19;&#xE22;&#xE38;&#xE04;&#xE42;&#xE04;&#xE27;&#xE34;&#xE14;".</subfield>
  </datafield>
  <datafield tag="650" ind1=" " ind2="4">
    <subfield code="9">110</subfield>
    <subfield code="a">&#xE01;&#xE32;&#xE23;&#xE17;&#xE33;&#xE07;&#xE32;&#xE19;</subfield>
    <subfield code="x">&#xE41;&#xE07;&#xE48;&#xE08;&#xE34;&#xE15;&#xE27;&#xE34;&#xE17;&#xE22;&#xE32;</subfield>
  </datafield>
  <datafield tag="650" ind1=" " ind2="4">
    <subfield code="9">204</subfield>
    <subfield code="a">&#xE18;&#xE38;&#xE23;&#xE01;&#xE34;&#xE08;</subfield>
  </datafield>
  <datafield tag="850" ind1=" " ind2=" ">
    <subfield code="a">NALT</subfield>
  </datafield>
  <datafield tag="942" ind1=" " ind2=" ">
    <subfield code="2">lcc</subfield>
    <subfield code="c">GB</subfield>
  </datafield>
  <datafield tag="996" ind1=" " ind2=" ">
    <subfield code="a">saiphon.d</subfield>
    <subfield code="b">CATSTF	</subfield>
    <subfield code="c">2023-08-28</subfield>
  </datafield>
  <datafield tag="999" ind1=" " ind2=" ">
    <subfield code="c">102951</subfield>
    <subfield code="d">102951</subfield>
  </datafield>
  <datafield tag="998" ind1=" " ind2=" ">
    <subfield code="j">111</subfield>
    <subfield code="k"> &#xE19;&#xE32;&#xE07;&#xE2A;&#xE32;&#xE27;&#xE1E;&#xE08;&#xE1E;&#xE34;&#xE13;  &#xE1E;&#xE23;&#xE21;&#xE40;&#xE2D;&#xE35;&#xE48;&#xE22;&#xE21;</subfield>
  </datafield>
  <datafield tag="952" ind1=" " ind2=" ">
    <subfield code="0">0</subfield>
    <subfield code="1">0</subfield>
    <subfield code="2">lcc</subfield>
    <subfield code="4">0</subfield>
    <subfield code="7">0</subfield>
    <subfield code="8">CGBL</subfield>
    <subfield code="a">NALT</subfield>
    <subfield code="b">NALT</subfield>
    <subfield code="c">GEN</subfield>
    <subfield code="d">2023-08-25</subfield>
    <subfield code="e">20</subfield>
    <subfield code="l">4</subfield>
    <subfield code="m">3</subfield>
    <subfield code="o">BF 481 &#xE01;327&#xE01; 2564</subfield>
    <subfield code="p">3961223409</subfield>
    <subfield code="r">2026-01-12 00:00:00</subfield>
    <subfield code="s">2026-01-05</subfield>
    <subfield code="w">2023-08-25</subfield>
    <subfield code="y">GB</subfield>
  </datafield>
</record>
